<?xml version="1.0" encoding="UTF-8"?>
<collection xmlns="http://www.loc.gov/MARC21/slim">
 <record>
  <leader>00482pamaa2200157   4500</leader>
  <controlfield tag="001">0000036382</controlfield>
  <controlfield tag="005">20070207090000.0</controlfield>
  <controlfield tag="008">070205                             eng  </controlfield>
  <datafield tag="020" ind1="0" ind2="0">
   <subfield code="a">0340211261 (pbk.) </subfield>
  </datafield>
  <datafield tag="090" ind1="0" ind2="0">
   <subfield code="a">BT1102 </subfield>
   <subfield code="b">GRE 1976</subfield>
  </datafield>
  <datafield tag="100" ind1="1" ind2="0">
   <subfield code="a">GREEN </subfield>
  </datafield>
  <datafield tag="245" ind1="1" ind2="0">
   <subfield code="a">You must be joking : </subfield>
   <subfield code="b">popular excuses for avoiding Jesus Christ  </subfield>
   <subfield code="c">Michael Green.</subfield>
  </datafield>
  <datafield tag="260" ind1="0" ind2="0">
   <subfield code="a">London: </subfield>
   <subfield code="b">Hodder and Stoughton, </subfield>
   <subfield code="c">1976.</subfield>
  </datafield>
  <datafield tag="300" ind1=" " ind2=" ">
   <subfield code="a">159p.: </subfield>
   <subfield code="b">ill; </subfield>
   <subfield code="c">18 cm.</subfield>
  </datafield>
  <datafield tag="504" ind1="0" ind2="0">
   <subfield code="a">Bibliography: p.159</subfield>
  </datafield>
  <datafield tag="650" ind1="0" ind2="0">
   <subfield code="a">Apologetics </subfield>
  </datafield>
 </record>
</collection>
